000 00304nam a22001337a 4500
008 170203b xxu||||| |||| 00| 0 eng d
020 _a9781579471910
041 _aeng
080 _a61
100 _a3
101 _aSHM
245 _aUSER'S GUIDES TO THE MEDICAL LITERATURE
_cGUYATT, G
942 _2udc
_cBK
999 _c4459
_d4459